<?xml version="1.0" encoding="UTF-8"?><?xml-stylesheet type="text/xsl" href="static/style.xsl"?><OAI-PMH xmlns="http://www.openarchives.org/OAI/2.0/" xmlns:xsi="http://www.w3.org/2001/XMLSchema-instance" xsi:schemaLocation="http://www.openarchives.org/OAI/2.0/ http://www.openarchives.org/OAI/2.0/OAI-PMH.xsd"><responseDate>2026-04-26T22:06:35Z</responseDate><request verb="GetRecord" identifier="oai:uvadoc.uva.es:10324/65992" metadataPrefix="marc">https://uvadoc.uva.es/oai/request</request><GetRecord><record><header><identifier>oai:uvadoc.uva.es:10324/65992</identifier><datestamp>2025-03-04T09:47:24Z</datestamp><setSpec>com_10324_1186</setSpec><setSpec>com_10324_931</setSpec><setSpec>com_10324_894</setSpec><setSpec>col_10324_1404</setSpec></header><metadata><record xmlns="http://www.loc.gov/MARC21/slim" xmlns:doc="http://www.lyncode.com/xoai" xmlns:xsi="http://www.w3.org/2001/XMLSchema-instance" xmlns:dcterms="http://purl.org/dc/terms/" xsi:schemaLocation="http://www.loc.gov/MARC21/slim http://www.loc.gov/standards/marcxml/schema/MARC21slim.xsd">
<leader>00925njm 22002777a 4500</leader>
<datafield tag="042" ind1=" " ind2=" ">
<subfield code="a">dc</subfield>
</datafield>
<datafield tag="720" ind1=" " ind2=" ">
<subfield code="a">León Ona, Iker</subfield>
<subfield code="e">author</subfield>
</datafield>
<datafield tag="720" ind1=" " ind2=" ">
<subfield code="a">Alonso Alonso, Elena Rita</subfield>
<subfield code="e">author</subfield>
</datafield>
<datafield tag="720" ind1=" " ind2=" ">
<subfield code="a">Mata López, Santiago</subfield>
<subfield code="e">author</subfield>
</datafield>
<datafield tag="720" ind1=" " ind2=" ">
<subfield code="a">Cabezas, Carlos</subfield>
<subfield code="e">author</subfield>
</datafield>
<datafield tag="720" ind1=" " ind2=" ">
<subfield code="a">Alonso Hernández, José Luis</subfield>
<subfield code="e">author</subfield>
</datafield>
<datafield tag="260" ind1=" " ind2=" ">
<subfield code="c">2019</subfield>
</datafield>
<datafield tag="520" ind1=" " ind2=" ">
<subfield code="a">Neutral glutamine has been evaporated by laserablation of its solid sample to seed a rare gas carrier prior toa supersonic expansion and proved by Fourier transformmicrowave techniques. We report on three distinct neutralconformers that show a singular non-interacting and flexibleamide sidechain in contrast with the other proteinogenicaliphatic amino acids. It could explain the essential biologicalrole of glutamine as a nitrogen source, and its unique ability toform a variety of hydrogen bonds with peptide backbones.Common computational methods fail to predict the delicatebalance of intramolecular interactions controlling the geome-try of the most stable conformer. The spectroscopic data herereported can be used to benchmark novel computationalmethods in quantum chemistry.</subfield>
</datafield>
<datafield tag="024" ind2=" " ind1="8">
<subfield code="a">Angewandte Chemie International Edition, 2019, 58, 16002</subfield>
</datafield>
<datafield tag="024" ind2=" " ind1="8">
<subfield code="a">1433-7851</subfield>
</datafield>
<datafield tag="024" ind2=" " ind1="8">
<subfield code="a">https://uvadoc.uva.es/handle/10324/65992</subfield>
</datafield>
<datafield tag="024" ind2=" " ind1="8">
<subfield code="a">10.1002/anie.201907222</subfield>
</datafield>
<datafield tag="024" ind2=" " ind1="8">
<subfield code="a">16002</subfield>
</datafield>
<datafield tag="024" ind2=" " ind1="8">
<subfield code="a">45</subfield>
</datafield>
<datafield tag="024" ind2=" " ind1="8">
<subfield code="a">16007</subfield>
</datafield>
<datafield tag="024" ind2=" " ind1="8">
<subfield code="a">Angewandte Chemie International Edition</subfield>
</datafield>
<datafield tag="024" ind2=" " ind1="8">
<subfield code="a">58</subfield>
</datafield>
<datafield tag="024" ind2=" " ind1="8">
<subfield code="a">1521-3773</subfield>
</datafield>
<datafield tag="245" ind1="0" ind2="0">
<subfield code="a">Unveiling the Neutral Forms of Glutamine</subfield>
</datafield>
</record></metadata></record></GetRecord></OAI-PMH>